Митогенетические лучи / (Record no. 486987)
[ view plain ]
| 000 -LEADER | |
|---|---|
| fixed length control field | 00960nam a2200265 a 4500 |
| 001 - CONTROL NUMBER | |
| control field | 001105641 |
| 003 - CONTROL NUMBER IDENTIFIER | |
| control field | AM-YeHGA |
| 005 - DATE AND TIME OF LATEST TRANSACTION | |
| control field | 20250617162312.0 |
| 008 - FIXED-LENGTH DATA ELEMENTS--GENERAL INFORMATION | |
| fixed length control field | 151012s1933 ||||||||r|||||000|0|rus|d |
| 040 ## - CATALOGING SOURCE | |
| Original cataloging agency | AM-YeHGA |
| 041 0# - LANGUAGE CODE | |
| Language code of text/sound track or separate title | rus |
| 090 ## - LOCALLY ASSIGNED LC-TYPE CALL NUMBER (OCLC); LOCAL CALL NUMBER (RLIN) | |
| -- | 490356 |
| 245 00 - TITLE STATEMENT | |
| Title | Митогенетические лучи / |
| Statement of responsibility, etc. | Б.П. Токин ; Биологический институт им. К.А. Тимирязева. |
| 246 15 - VARYING FORM OF TITLE | |
| Title proper/short title | Mitogenetische strahlen |
| 260 ## - PUBLICATION, DISTRIBUTION, ETC. | |
| Place of publication, distribution, etc. | Москва ; |
| -- | Ленинград : |
| Name of publisher, distributor, etc. | Медгиз, |
| Date of publication, distribution, etc. | 1933. |
| 300 ## - PHYSICAL DESCRIPTION | |
| Extent | 144 с. : |
| Other physical details | ил. ; |
| Dimensions | 22 см. |
| 504 ## - BIBLIOGRAPHY, ETC. NOTE | |
| Bibliography, etc. note | Библиогр. в конце ст. |
| 650 14 - SUBJECT ADDED ENTRY--TOPICAL TERM | |
| Topical term or geographic name entry element | Ультрафиолетовые лучи |
| 650 14 - SUBJECT ADDED ENTRY--TOPICAL TERM | |
| Topical term or geographic name entry element | Роста факторы |
| 650 14 - SUBJECT ADDED ENTRY--TOPICAL TERM | |
| Topical term or geographic name entry element | Митоз |
| 650 14 - SUBJECT ADDED ENTRY--TOPICAL TERM | |
| Topical term or geographic name entry element | Митогены |
| 650 14 - SUBJECT ADDED ENTRY--TOPICAL TERM | |
| Topical term or geographic name entry element | Фотобиология |
| 650 14 - SUBJECT ADDED ENTRY--TOPICAL TERM | |
| Topical term or geographic name entry element | Цитогенетика |
| 710 2# - ADDED ENTRY--CORPORATE NAME | |
| Corporate name or jurisdiction name as entry element | Биологический институт им. К.А. Тимирязева |
| Withdrawn status | Lost status | Source of classification or shelving scheme | Damaged status | Not for loan | Collection | Home library | Current library | Date acquired | Total checkouts | Full call number | Barcode | Date last seen | Price effective from | Koha item type | Public note |
|---|---|---|---|---|---|---|---|---|---|---|---|---|---|---|---|
| Universal Decimal Classification | General | Fundamental Scientific Library | Fundamental Scientific Library | 08/02/2019 | РД II/38839 | FL0550064 | 08/02/2019 | 08/02/2019 | Գրքեր / Books | 30 Days Loan |
ՀՀ Գիտությունների ազգային ակադեմիայի հիմնարար գիտական գրադարան = Fundamental Scientific Library of NAS RA
All site content, except where otherwise noted, is licensed under a